| 000 | 00618nam a2200181Ia 4500 | ||
|---|---|---|---|
| 005 | 20250923145241.0 | ||
| 008 | 008 250917s9999 xx 000 0 eng d | ||
| 037 | _aReference | ||
| 040 |
_aDSWL _beng _cDSWL |
||
| 041 |
_aeng _2eng |
||
| 084 |
_aYX:5-B:8p1(Y:434), N64;2 _qDSWL |
||
| 245 | 0 |
_aProceeding of the seminar on social administration in developing countries, 1964 _cby India International Centre |
|
| 260 |
_aNew Delhi _b India International Centre _c1964 |
||
| 365 |
_aINR _b2.00 |
||
| 925 | _g2.00 | ||
| 942 |
_cREF _hYX:5-B:8p1(Y:434), N64;2 |
||
| 999 |
_c1448972 _d1448972 |
||